00820nab a2200241 uc450000100070000000500170000700800410002403500110006503500210007604000130009704100080011010000530011824500800017165000400025165000300029165000390032165000180036065000290037865000440040777300980045194200100054999900190055983687820260226100037.0030811s2001 spa  a836878 a(OCoLC)820071779 ccomduadb aspa10aTudela Sancho, Antonio,d1969-4auteaut950781010aTiempo y espacio de vida. Felix Guattari y la produccion de la subjetividad aGuattari, Félix, 1930-1992924350 7aSubjetividad2lemb944152 7aFilósofos franceses2lemb934143 aSujeto913419 7aProductividad2Ocde9480 7aFilosofía de la ciencia2armarc915260 tThemata. Revista de Filosofía (Sevilla)gNo. 27, 2001, p. 341-347w118541x0210-8365068237 cARIMP c294975d294975